MARC details
| 000 -CABECERA |
| campo de control de longitud fija |
02091nam a2200349 a 4500 |
| 001 - NÚMERO DE CONTROL |
| campo de control |
000038423 |
| 003 - IDENTIFICADOR DEL NÚMERO DE CONTROL |
| campo de control |
DO-SdBNP |
| 005 - FECHA Y HORA DE LA ÚLTIMA TRANSACCIÓN |
| campo de control |
20260415175501.0 |
| 008 - DATOS DE LONGITUD FIJA--INFORMACIÓN GENERAL |
| campo de control de longitud fija |
100224s2012 dr 001 0 spa d |
| 020 ## - NÚMERO INTERNACIONAL ESTÁNDAR DEL LIBRO |
| ISBN cancelado o inválido |
9789945856637 |
| 040 ## - FUENTE DE LA CATALOGACIÓN |
| Centro catalogador/agencia de origen |
DO-SdBNP |
| Lengua de catalogación |
spa |
| Centro/agencia transcriptor |
BNPHU |
| 082 ## - NÚMERO DE LA CLASIFICACIÓN DECIMAL DEWEY |
| Número de clasificación |
343.04 |
| Número de documento/Ítem |
R823d, 2012 |
| 100 1# - ENTRADA PRINCIPAL--NOMBRE DE PERSONA |
| Nombre de persona |
Ross Bravo, Jaime, |
| Fechas asociadas al nombre |
1921- |
| 9 (RLIN) |
36039 |
| 245 10 - MENCIÓN DE TÍTULO |
| Título |
Derecho tributario sustantivo / |
| Mención de responsabilidad, etc. |
Jaime Ross Bravo ; editor Miguel Collado ; presentación Mariano Escoto Saba ; prólogo Roberto Leonel Rodríguez Estrella. |
| 250 ## - MENCIÓN DE EDICIÓN |
| Mención de edición |
3ª ed. |
| 260 ## - PUBLICACIÓN, DISTRIBUCIÓN, ETC. |
| Lugar de publicación, distribución, etc. |
Santo Domingo : |
| Nombre del editor, distribuidor, etc. |
Centro de Capacitación en Política y Gestión Fiscal (CAPGEFI), |
| Fecha de publicación, distribución, etc. |
2012. |
| 300 ## - DESCRIPCIÓN FÍSICA |
| Extensión |
361 p. ; |
| Dimensiones |
23 cm. |
| 490 1# - MENCIÓN DE SERIE |
| Mención de serie |
Publicaciones CAPGEFI |
| 490 1# - MENCIÓN DE SERIE |
| Mención de serie |
Manuales de Finanzas Públicas |
| Designación de volumen o secuencia |
18 |
| 504 ## - NOTA DE BIBLIOGRAFÍA, ETC. |
| Nota de bibliografía, etc. |
Incluye datos biográficos del autor en las solapas de la cubierta. |
| 505 0# - NOTA DE CONTENIDO CON FORMATO |
| Título |
Noción general de derecho tributario -- |
| -- |
Autonomía del desarrollo tributario -- |
| -- |
División del derecho tributario -- |
| -- |
Fuentes directas y supletorias del derecho tributario -- |
| Nota de contenido con formato |
Codificación del derecho tributario -- |
| Título |
Generalidades del hecho generador de la obligación tributaria -- |
| -- |
Elementos del hecho generador -- |
| -- |
El objeto de la obligación tributaria -- |
| -- |
La causa de la obligación tributaria -- |
| -- |
Los sujetos de la obligación tributaria |
| -- |
La determinación o liquidación de la obligación tributaria -- |
| -- |
Modos de extinguir las obligaciones tributarias -- |
| -- |
La exención tributaria -- |
| -- |
Privilegios y garantías del crédito tributario -- |
| -- |
Apéndice. |
| 590 ## - NOTA LOCAL (RLIN) |
| Nota local |
Inventariado, 2018/VM |
| 650 #0 - PUNTO DE ACCESO ADICIONAL DE MATERIA--TÉRMINO DE MATERIA |
| Término de materia o nombre geográfico como elemento de entrada |
Impuestos |
| Subdivisión general |
Leyes y legislación |
| 9 (RLIN) |
9338 |
| 650 #4 - PUNTO DE ACCESO ADICIONAL DE MATERIA--TÉRMINO DE MATERIA |
| Término de materia o nombre geográfico como elemento de entrada |
Procedimiento tributario |
| 9 (RLIN) |
8289 |
| 700 1# - PUNTO DE ACCESO ADICIONAL--NOMBRE DE PERSONA |
| Nombre de persona |
Collado, Miguel A., |
| Fechas asociadas al nombre |
1954- |
| Término indicativo de función/relación |
ed. |
| 9 (RLIN) |
24696 |
| 700 1# - PUNTO DE ACCESO ADICIONAL--NOMBRE DE PERSONA |
| Nombre de persona |
Escoto Saba, Mariano, |
| Término indicativo de función/relación |
present. |
| 9 (RLIN) |
36042 |
| 700 1# - PUNTO DE ACCESO ADICIONAL--NOMBRE DE PERSONA |
| Nombre de persona |
Rodríguez Estrella, Roberto Leonel, |
| Término indicativo de función/relación |
pról. |
| 9 (RLIN) |
36043 |
| 710 1# - PUNTO DE ACCESO ADICIONAL--NOMBRE DE ENTIDAD CORPORATIVA |
| Nombre de entidad corporativa o nombre de jurisdicción como elemento de entrada |
Centro de Capacitación en Política y Gestión Fiscal (República Dominicana) |
| 9 (RLIN) |
64770 |
| 830 #0 - PUNTO DE ACCESO ADICIONAL DE SERIE-TÍTULO UNIFORME |
| Título uniforme |
Publicaciones CAPGEFI |
| Nombre de parte o sección de la obra |
Manuales de Finanzas Públicas |
| Número de parte o sección de la obra |
18 |
| 9 (RLIN) |
64771 |
| 910 ## - DATOS DE OPCIÓN DEL USUARIO (OCLC) |
| Datos de opción del usuario |
Validado. Control de calidad EMS. |
| 942 ## - ELEMENTOS DE PUNTO DE ACCESO ADICIONAL (KOHA) |
| Fuente del sistema de clasificación o colocación |
Dewey Decimal Classification |
| Tipo de ítem Koha |
Libro |